000 00494nam a2200157 i 4500
001 114083
003 ES-MaACL
005 20230906190055.0
007 t|
008 061121s1916 sp r ||||1| spa d
100 1 _aPalomeque, Alberto.
_988680
245 1 0 _aComentarios y crítica al nuevo código de procedimiento penal de la provincia de Buenos Aires /
_cpor Alberto Palomeque.
260 _aBarcelona :
_bRamón Sopena,
_c1916.
300 _a158 p. ;
_c19 cm.
852 _aES-MaACL
_jD-929
999 _c114083
_d114083